Statistics for Halo Reach Maps

Click here to take the quiz!

General Stats

  • This quiz has been taken 172 times
  • The average score is 6 of 19

Answer Stats

TypeMap Name% Correct
DefaultForge World
60%
DefaultSword Base
56%
DefaultSpire
48%
DefaultCountdown
43%
DefaultPowerhouse
43%
DefaultBoardwalk
41%
DefaultBoneyard
40%
DefaultZealot
40%
FirefightCorvette
39%
DefaultReflection
35%
FirefightOverlook
30%
FirefightGlacier
29%
FirefightBeachhead
28%
FirefightCourtyard
24%
FirefightWaterfront
23%
FirefightOutpost
22%
FirefightInstallation 04
18%
FirefightHoldout
12%
FirefightUnearthed
11%

Score Distribution

Percentile by Number Answered

Percent of People with Each Score

Your Score History

You have not taken this quiz